000 00232nam a22000857a 4500
008 160629b xxu||||| |||| 00| 0 eng d
100 _91325
_aRao, I.P
245 _aMakers of Indian Literature Valmiki
260 _aN.D
_bSahitya Akademi
_c2000
999 _c1087
_d1087